| 000 | 00767nas a2200253 4500 | ||
|---|---|---|---|
| 001 | BR9501361 | ||
| 003 | BR-BrBNA | ||
| 005 | 20231205094308.0 | ||
| 007 | ta | ||
| 008 | 230509b bl.|||p| |||| 00| 00por d | ||
| 040 |
_aBR-BrBNA _bpor _cBiblioteca Nacional de Agricultura |
||
| 041 | _a(Pt) | ||
| 072 | _aH20 | ||
| 100 | 1 | _aMartins, O.M. | |
| 100 | 1 | _aTakatsu, A. | |
| 100 | 1 | _aReifschneider, J.B. | |
| 245 | 1 | _aMetodo de avaliacao de resistencia em tomateiros a Pseudomonas solanacearum | |
| 650 | _aTomate | ||
| 650 | _aVariedade Resistente | ||
| 650 | _aMurcha Bacteriana | ||
| 773 | 0 |
_tFitopatologia Brasileira (Brazil) _xISSN 0100-4158 _g(Jun 1994), v. 19(2) p. 162-166 _wBR9501361 |
|
| 909 |
_a202311 _bLúcia _c55 _dLúcia Elande |
||
| 942 |
_2AGRIS _n0 _cANA |
||
| 999 |
_c143383 _d143383 |
||